00523nam a2200169Ia 450000500170000000800410001702000180005804100120007608200170008810000260010524500900013125000120022126000580023330000220029165000260031365000140033920260429112149.0260429s9999||||xx |||||||||||||| ||und|| a9781009568203 aEnglish a614.518bDUT aDutta, Achintya Kumar 0aFighting the fever : bKala-azar in Eastern India, 1875-1947 / cAchintya Kumar Dutta a1st ed. aUnited Kingdom : bCambridge University Press,c2025. axxiii, 388 p.; hb a Medical intervention aKala-azar